Corporate Environmental Responsibility in Ports/ (Record no. 190293)

MARC details
000 -LEADER
fixed length control field 00628nam a22001937a 4500
005 - DATE AND TIME OF LATEST TRANSACTION
control field 20220721151650.0
010 ## - LCCN (DPL NO)
LC control number ENG-133791
020 ## - INTERNATIONAL STANDARD BOOK NUMBER
International Standard Book Number 9788194887676
Terms of availability 475.00
035 ## - SYSTEM CONTROL NUMBER
System control number EN-117323
037 ## - SOURCE OF ACQUISITION
Source of stock number/acquisition DBAD/PUB
082 ## - DEWEY DECIMAL CLASSIFICATION NUMBER
Classification number 658.4083094
100 ## - MAIN ENTRY--PERSONAL NAME
Personal name Subbarao, P. Srinivas
245 ## - TITLE STATEMENT
Title Corporate Environmental Responsibility in Ports/
Statement of responsibility, etc P. Srinivas Subbarao
260 ## - PUBLICATION, DISTRIBUTION, ETC. (IMPRINT)
Place of publication, distribution, etc Hyderabad
Name of publisher, distributor, etc Paramount Publishing House
Date of publication, distribution, etc 2021
270 ## - ADDRESS
Address A-531, H.No.4-32-521, Phase-1, Allwyn Colony, Kukatpally
City Hyderabad
Postal code 500072
300 ## - PHYSICAL DESCRIPTION
Extent 211p.
Dimensions 26cm(pbk)
700 ## - ADDED ENTRY--PERSONAL NAME
Personal name K.P. Rao
942 ## - ADDED ENTRY ELEMENTS (KOHA)
Source of classification or shelving scheme Dewey Decimal Classification
Item type English Books
Classification part 658.4083094
Call number suffix SUB
Holdings
Withdrawn status Lost status Not for loan Collection code Home library Current library Date acquired Source of acquisition Cost, normal purchase price Full call number Barcode Copy number Cost, replacement price Koha item type
      Non-fiction Bawana Bawana 21/07/2022 DBAD/PUB 475.00 658.4083094 SUB EN-117323 1 475.00 English Books

© Delhi Public Library
Hit Counter
free hit counter